Methods in environmental analysis : Water, soil and air (Record no. 42010)
[ view plain ]
| 000 -LEADER | |
|---|---|
| fixed length control field | 00424nam a2200157Ia 4500 |
| 020 ## - INTERNATIONAL STANDARD BOOK NUMBER | |
| ISBN | 8177540556 |
| 082 ## - DEWEY DECIMAL CLASSIFICATION NUMBER | |
| Classification number | 631.42+543.3 |
| Item number | GUP |
| 100 ## - MAIN ENTRY--AUTHOR NAME | |
| Personal name | Gupta, P K |
| 245 #0 - TITLE STATEMENT | |
| Title | Methods in environmental analysis : Water, soil and air |
| 260 ## - PUBLICATION, DISTRIBUTION, ETC. (IMPRINT) | |
| Place of publication | Jodhpur |
| Name of publisher | Agrobios(India) |
| Year of publication | 2001 |
| 650 ## - SUBJECT ADDED ENTRY--TOPICAL TERM | |
| Topical Term | Air analysis |
| 650 ## - SUBJECT ADDED ENTRY--TOPICAL TERM | |
| Topical Term | Soil analysis |
| 650 ## - SUBJECT ADDED ENTRY--TOPICAL TERM | |
| Topical Term | Water analysis |
| 942 ## - ADDED ENTRY ELEMENTS (KOHA) | |
| Koha item type | Books |
| Withdrawn status | Lost status | Damaged status | Not for loan | Home library | Current library | Date acquired | Cost, normal purchase price | Full call number | Accession Number | Koha item type |
|---|---|---|---|---|---|---|---|---|---|---|
| RRII Library | RRII Library | 16/12/2021 | 395.00 | 631.42+543.3 GUP | 22290 | Books |